000
00506nam a2200133Ia 4500
008
100328s9999 xx 000 0 und d
082
_b
48518
100
_a
कुलकर्णी विनायक
245
_a
माऊलीचे गीता चिंतन
260
_b
दास्ताने रामचंद्र आणि कंपनी
630
_a
माऊलीचे गीता चिंतन
730
_a
माऊलीचे गीता चिंतन
942
_c
BOOK
999
_c
536130
_d
536127